Encyklopedja kościelna : (Rekord nr 27730)
| 000 -Nagłówek | |
|---|---|
| fixed length control field | 01550cam a2200397 ia4500 |
| 001 - Nr kontrolny bibl., która utworzyła rek. | |
| control field | zz2004986650 |
| 003 - Siglum bibl., której nr kontr. jest w 001 | |
| control field | NUKAT |
| 005 - Data i czas ostatniej operacji | |
| control field | 20260422200241.0 |
| 008 - Elementy pola stałej długości | |
| fixed length control field | 040604s1873 pl e |000 0 pol c |
| 035 ## - Systemowy numer kontrolny | |
| systemowy numer kontrolny | (OCoLC)749634206 |
| 035 ## - Systemowy numer kontrolny | |
| systemowy numer kontrolny | (NUKAT)zz2004986650 |
| 040 ## - Instytucja sporządzająca opis | |
| Instytucja, która sporządziła opis | LUBL M/JD |
| Instytucja, która sporządziła rekord | LUBL M/JD |
| Instytucja, która zmodyfikowała rekord | LUBL M/IK |
| -- | TOR U/kn |
| -- | Ł U/GSs |
| -- | WA U/DK |
| 046 ## - Kod rodz. daty, data1, data2 (daty pne) | |
| Begin/single date | 1873 |
| 245 00 - Tytuł właściwy i oznaczenie odpow. | |
| tytuł | Encyklopedja kościelna : |
| dodatek do tytułu | podług teologicznej encyklopedji Wetzera i Weltego, z licznemi jej dopełnieniami. |
| numer części/sekcji pracy | T. 1- / |
| dod. inf. ze s. tyt./ozn. odpow. | przy współpr. kilkunastu duchownych i świeckich osób wyd. przez Michała Nowodworskiego. |
| 246 3# - Inne formy tytułu, wariant tytułu | |
| tytuł | Encyklopedia kościelna |
| 260 ## - Adres wydawniczy | |
| miejsce wydania, dystrybucji itp. | Warszawa : |
| nazwa wydawcy, dystrybutora itp. | w Drukarni Czerwińskiego i Spółki, |
| data wydania, dystrybucji itp. | 1873-. |
| 300 ## - Opis fizyczny | |
| objętość i/lub forma materiału | Wol. ; |
| format | 23 cm. |
| 336 ## - Content Type | |
| Term | Tekst |
| Code | txt |
| Source | rdacontent |
| 337 ## - Media Type | |
| Term | Bez urządzenia pośredniczącego |
| Code | n |
| Source | rdamedia |
| 338 ## - Carrier Type | |
| Term | Wolumin |
| Code | nc |
| Source | rdacarrier |
| 380 ## - Form of work | |
| Form of work | Książki |
| 380 ## - Form of work | |
| Form of work | Publikacje informacyjne |
| 388 1# - TIME PERIOD OF CREATION | |
| Time period of creation term | 1801-1900 |
| 530 ## - Uwaga o dod. formie fiz. materiału | |
| uwaga o dodatkowej fizycznej formie dokumentu | Dostępny również w formie elektronicznej. |
| 650 #7 - Hasło przedmiotowe-nazwa pospolita | |
| nazwa pospolita lub geogr. | Chrześcijaństwo |
| źródło hasła | DBN |
| 9 (RLIN) | 40337 |
| 650 #7 - Hasło przedmiotowe-nazwa pospolita | |
| nazwa pospolita lub geogr. | Katolicyzm |
| źródło hasła | DBN |
| 9 (RLIN) | 35191 |
| 650 #7 - Hasło przedmiotowe-nazwa pospolita | |
| nazwa pospolita lub geogr. | Religioznawstwo |
| źródło hasła | DBN |
| 9 (RLIN) | 40415 |
| 650 #7 - Hasło przedmiotowe-nazwa pospolita | |
| nazwa pospolita lub geogr. | Kościół |
| określnik formy | encyklopedie. |
| źródło hasła | kaba |
| 9 (RLIN) | 40416 |
| 650 #7 - Hasło przedmiotowe-nazwa pospolita | |
| nazwa pospolita lub geogr. | Chrześcijaństwo |
| określnik formy | encyklopedie. |
| źródło hasła | kaba |
| 9 (RLIN) | 40417 |
| 650 #7 - Hasło przedmiotowe-nazwa pospolita | |
| nazwa pospolita lub geogr. | Chrześcijaństwo |
| określnik formy | biografie |
| -- | słowniki. |
| źródło hasła | kaba |
| 9 (RLIN) | 40418 |
| 655 #7 - Termin określający rodzaj/formę | |
| rodzaj/forma | Encyklopedia |
| źródło terminu | DBN |
| 9 (RLIN) | 34994 |
| 658 ## - Nazwa określająca cel programu nauczania | |
| główny cel programu nauczania | Religia i duchowość |
| 700 1# - Hasło dodatkowe - nazwa osobowa | |
| nazwa osobowa | Nowodworski, Michał |
| daty biograficzne | (1831-1896). |
| rodzaj współpracy | Wyd. |
| 9 (RLIN) | 40419 |
| 856 41 - Elektroniczne źródła danych i spos. dost. | |
| URL (Uniform Resource Locator) | <a href="http://polona.pl/item/40738467">http://polona.pl/item/40738467</a> |
| 942 ## - ADDED ENTRY ELEMENTS (KOHA) | |
| Source of classification or shelving scheme | Dewey Decimal Classification |
| Koha item type | pozycje dostępne na miejscu |
| Status wycofania | Status zagubienia | Klasyfikacja | Status uszkodzenia | Blokada wypożyczeń | Kolekcja | Lokalizacja macierzysta | Lokalizacja bieżąca | Data nabycia | Numer akcesji | Źródło akcesji | Numeracja / chronologia | Nr inwentarzowy | il. wypożyczeń | Sygnatura | Kod kreskowy | Date last seen | Price effective from | Typ egz. |
|---|---|---|---|---|---|---|---|---|---|---|---|---|---|---|---|---|---|---|
| Dewey Decimal Classification | nieuszkodzona | Pracownia Badań Księgozbiorów Historycznych | Biblioteka Instytutu Północnego w Olsztynie | Pracownia Badań Księgozbiorów Historycznych | 22/04/2026 | K-38/1965 | kupno | T. 21, Pozytywizm-Prusy. - 1896. - VI, [2], 648 s. | 16123/23 | 16123/23 | IPWK23793 | 22/04/2026 | 22/04/2026 | pozycje dostępne na miejscu |